| 000 | 00852nam a2200217Ia 4500 | ||
|---|---|---|---|
| 003 | IN-BaIIA | ||
| 008 | 211028s9999 xx 000 0 eng d | ||
| 020 | _a0-88318-355-2 | ||
| 040 | _cIIA Library | ||
| 080 |
_a524.64(082.2) _bTHE |
||
| 111 |
_aSymposium on the Galactic Center Honoring C. H. Townes _cBerkeley, California, US _d1986 Oct. 25 _915896 |
||
| 245 | 4 |
_aThe galactic center _bproceedings of the symposium on the galactic center honoring C. H. Townes, held in Berkeley, California, US, 25 Oct 1986 _cedited by D. C. Backer |
|
| 260 |
_aNew York _bAmerican Institute of Physics _c1987 |
||
| 300 | _aix, 201p. | ||
| 490 | _aAIP conference proceedings; v. 155 | ||
| 650 | _aAstronomy and astrophysics thesaurus | ||
| 650 |
_aGalactic center _92909 |
||
| 650 |
_aMilky way galaxy _91167 |
||
| 700 |
_aBacker, D. C .,ed. _915897 |
||
| 942 | _cBK | ||
| 999 |
_c9450 _d9450 |
||